Public finance / (Record no. 3768)
[ view plain ]
| 000 -LEADER | |
|---|---|
| fixed length control field | 01478cam a2200193 a 4500 |
| 020 ## - INTERNATIONAL STANDARD BOOK NUMBER | |
| ISBN | 9780073511283 (alk. paper) |
| 020 ## - INTERNATIONAL STANDARD BOOK NUMBER | |
| ISBN | 0073511285 (alk. paper) |
| 050 00 - CALL NUMBER | |
| Classification number | HJ257.2 |
| Item number | .R67 |
| 100 1# - AUTHOR | |
| Personal name | Rosen, Harvey S. |
| 245 10 - TITLE | |
| Title | Public finance / |
| Statement of responsibility, etc | Harvey S. Rosen, Ted Gayer. |
| 250 ## - EDITION | |
| Edition statement | 8th ed. |
| 260 ## - PUBLICATION INFORMATION | |
| Place of publication | Boston : |
| Name of publisher | McGraw-Hill Irwin, |
| Year of publication | c2008. |
| 300 ## - DESCRIPTION | |
| Number of Pages | xxvi, 596 p. : |
| Other physical details | ill. ; |
| Dimensions | 27 cm. |
| 500 ## - NOTES | |
| General note | Includes bibliographical references and index |
| 505 ## - FORMATTED CONTENTS NOTE | |
| Table of Content | pt. 1. Getting started --<br/>1. Introduction --<br/>2. Tools of positive analysis --<br/>3. Tools of normative analysis --<br/>pt. 2. Analysis of public expenditure --<br/>4. Public goods --<br/>5. Externalities --<br/>6. Political economy --<br/>7. Income redistribution : conceptual issues --<br/>8. Expenditure programs for the poor --<br/>9. Social insurance I : Social Security and unemployment insurance --<br/>10. Social insurance II : health care --<br/>11. Cost-benefit analysis --<br/>pt. 3. A framework for tax analysis --<br/>12. Taxation and income distribution --<br/>13. Taxation and efficiency --<br/>14. Efficient and equitable taxation --<br/>pt. 4. The United States Revenue System --<br/>15. The personal income tax --<br/>16. Personal taxation and behavior --<br/>17. The corporation tax --<br/>18. Deficit finance --<br/>19. Taxes on consumption and wealth --<br/>pt. 5. Multigovernment public finance --<br/>20. Public finance in a federal system --<br/>App. Some basic microeconomics. |
| 650 #0 - SUBJECTS | |
| Topical Term | Finance, Public |
| 700 1# - OTHER AUTHORS | |
| Personal name | Gayer, Ted, |
| 942 ## - ADDED ENTRY ELEMENTS (KOHA) | |
| Koha item type | Books |
| Withdrawn status | Lost status | Collection code | Home library | Current library | Shelving location | Date acquired | Full call number | Accession Number | Koha item type |
|---|---|---|---|---|---|---|---|---|---|
| Reference | Methodist University Library Main | Methodist University Library Main | General Stacks | 24/07/2013 | HJ257.2 .R67 | 37932 | Books |